Virtual National Conference and Workshop ABGCON 2021: (Record no. 192055)

MARC details
000 -LEADER
fixed length control field 00735nam a22001937a 4500
005 - DATE AND TIME OF LATEST TRANSACTION
control field 20220909145605.0
010 ## - LCCN (DPL NO)
LC control number ENG-135009
020 ## - INTERNATIONAL STANDARD BOOK NUMBER
International Standard Book Number 9789391255152
Terms of availability 100.00
035 ## - SYSTEM CONTROL NUMBER
System control number EN-118541
037 ## - SOURCE OF ACQUISITION
Source of stock number/acquisition DBAD/PUB
082 ## - DEWEY DECIMAL CLASSIFICATION NUMBER
Classification number 615.836
245 ## - TITLE STATEMENT
Title Virtual National Conference and Workshop ABGCON 2021:
Remainder of title Conference Proceedings August 27th 2021 Pre-Conference Workship August 28th, 2021 Conference/
Statement of responsibility, etc Edited by B. Shanthi, V.S. Kalai Selvi and K. Sumathi
260 ## - PUBLICATION, DISTRIBUTION, ETC. (IMPRINT)
Place of publication, distribution, etc Chennai
Name of publisher, distributor, etc Aksharaa Murhra Aalayam Pvt Ltd
Date of publication, distribution, etc 2021
270 ## - ADDRESS
Address No. 441/303, Anna Salai, Teynampet
City Chennai
Postal code 600018
300 ## - PHYSICAL DESCRIPTION
Extent xvi, 27p.
Dimensions 29cm(pbk)
700 ## - ADDED ENTRY--PERSONAL NAME
Personal name Selvi, V.S. Kalai
700 ## - ADDED ENTRY--PERSONAL NAME
Personal name Sumathi, K.
942 ## - ADDED ENTRY ELEMENTS (KOHA)
Source of classification or shelving scheme Dewey Decimal Classification
Item type English Books
Classification part 615.836
Call number suffix VIR
Holdings
Withdrawn status Lost status Not for loan Collection code Home library Current library Date acquired Source of acquisition Cost, normal purchase price Full call number Barcode Copy number Cost, replacement price Koha item type
    Not For Loan Non-fiction D.B.Act.Division D.B.Act.Division 09/09/2022 DBAD/PUB 100.00 615.836 VIR EN-118541 1 100.00 English Books

© Delhi Public Library
Hit Counter
free hit counter